| 000 | 01624nam1a2200301 i 4500 | ||
|---|---|---|---|
| 001 | RU\NLR\bibl\1931067 | ||
| 005 | 20260408054953.0 | ||
| 035 | _a(NLR Aleph) 001920421 | ||
| 090 |
_a3298574 _c3298574 |
||
| 100 | _a20120802g20119999u y0rusy50 ca | ||
| 101 | 0 | _arus | |
| 102 | _aRU | ||
| 105 | _a||||z ||||| | ||
| 200 | 1 |
_aАктуальные вопросы педиатрии _eсборник материалов [III межрегиональной научно-практической] конференции _fпод ред. Н.К. Тихоновой |
|
| 210 |
_aКалининград _cИзд-во Балтийского федерального университета _d2011 |
||
| 215 | _d21 | ||
| 300 | _aВ надзаг.: М-во здравоохранения Калининград. обл., Балт. федер. ун-т им. И. Канта | ||
| 463 | 0 | _10011852714 | |
| 606 |
_aПедиатрия _jСъезды, совещания и т.п. _9973843 _3RU\NLR\auth\6646829 |
||
| 686 | _aР73я431(0) | ||
| 702 | 1 |
_4340 _7ca _8rus _aТихонова _bН. К. _cд-р мед. наук _gНаталья Константиновна _978895 _3RU\NLR\auth\7795969 |
|
| 711 | 1 | 2 |
_a"Актуальные вопросы педиатрии", межрегиональная научно-практическая конференция с международным участием _d3 _eКалининград _f2011 _9292360 _3RU\NLR\AUTH\8810202118 |
| 801 | 0 |
_aRU _bNLR _c20120802 _gRCR |
|
| 801 | 1 |
_aRU _bNLR _c20120802 |
|
| 852 |
_aNLR _j2011-3/41372 |
||
| 942 | _cBOOK | ||